000 00452nam a22001697a 4500
003 NUST - PNEC
005 20170116181042.0
008 150922b xxu||||| |||| 00| 0 eng d
020 _a8120319540
040 _cLIBRARY
082 _a629.8312 BAN
100 _98384
_aBandyopadhyay, M.N.
245 _aControl engineering :
_b theory and practice
_cM.N. Bandyopadhyay
260 _cc 2003
650 _97706
_aAutomatic control
_xME
942 _2ddc
_cBK
999 _c68132
_d68132